|
|
|
|
| LEADER |
01570nam a2200373 i 4500 |
| 001 |
EBC5502863 |
| 003 |
MiAaPQ |
| 005 |
20200520144314.0 |
| 006 |
m o d | |
| 007 |
cr cnu|||||||| |
| 008 |
180921s2018 enk o 000 0 eng d |
| 020 |
|
|
|z 9781786303004
|
| 020 |
|
|
|a 9781119550990 (e-book)
|
| 035 |
|
|
|a (MiAaPQ)EBC5502863
|
| 035 |
|
|
|a (Au-PeEL)EBL5502863
|
| 035 |
|
|
|a (OCoLC)1050360708
|
| 040 |
|
|
|a MiAaPQ
|b eng
|e rda
|e pn
|c MiAaPQ
|d MiAaPQ
|
| 050 |
|
4 |
|a T175.5
|b .G553 2018
|
| 082 |
0 |
|
|a 658.57
|2 23
|
| 100 |
1 |
|
|a Gilbert, Patrick,
|e author.
|
| 245 |
1 |
0 |
|a Innovation, research and development management /
|c Patrick Gilbert [and four others].
|
| 264 |
|
1 |
|a London, UK :
|b ISTE ;
|a Hoboken, NJ :
|b Wiley,
|c 2018.
|
| 300 |
|
|
|a 1 online resource (235 pages)
|
| 336 |
|
|
|a text
|b txt
|2 rdacontent
|
| 337 |
|
|
|a computer
|b c
|2 rdamedia
|
| 338 |
|
|
|a online resource
|b cr
|2 rdacarrier
|
| 588 |
|
|
|a Description based on print version record.
|
| 590 |
|
|
|a Electronic reproduction. Ann Arbor, MI : ProQuest, 2018. Available via World Wide Web. Access may be limited to ProQuest affiliated libraries.
|
| 650 |
|
0 |
|a Research, Industrial
|x Management.
|
| 650 |
|
0 |
|a Technological innovations
|x Management.
|
| 655 |
|
4 |
|a Electronic books.
|
| 776 |
0 |
8 |
|i Print version:
|a Gilbert, Patrick.
|t Innovation, research and development management.
|d London, UK : ISTE ; Hoboken, NJ : Wiley, c2018
|h 235 pages
|z 9781786303004
|w (DLC) 2018945213
|
| 797 |
2 |
|
|a ProQuest (Firm)
|
| 856 |
4 |
0 |
|u https://ebookcentral.proquest.com/lib/matrademy/detail.action?docID=5502863
|z Click to View
|